• 首页
  • 本馆介绍
  • 公告通知
  • 最新文献
  • 馆藏检索
  • 电子资源
  • 读者导购
  • 参考咨询
  • 我的图书馆
  • 登录
  • 详细信息显示
  • 放入我的书架
  • 预约/预借图书
  • 作者相关作品
  • 分类相关作品
  • 丛书相关作品
  • 出版社相关作品

书目信息

  • 表格格式
  • 工作单格式
  • 卡片格式
题名:
体育市场营销
    
 
作者: 耿力中 著
分册:  
出版信息: 北京   人民体育出版社  2004
页数: 190页
开本: 19cm
丛书名:
单 册:
中图分类: G80-05
科图分类:
主题词: 体育--市场营销学
电子资源:
ISBN: 7-5009-2537-9
000 00780nam0 2200229 45
001 002669414
005 20050111083634.8
010    @a7-5009-2537-9@dCNY13.00
100    @a20040624d2004 em y0chiy0110 ea
101 0  @achi
102    @aCN@b110000
105    @ay z 000yy
200 1  @a体育市场营销@Ati yu shi chang ying xiao@e决策与运作@EJue Ce Yu Yun Zuo@f耿力中著@FGeng Li Zhong Zhu
210    @a北京@c人民体育出版社@d2004
215    @a190页@d19cm
330    @a本书从体育经济学的角度,论述了体育市场的概念与起源,体育的机会与风险,体育市场的基本内容,及体育市场的决策与研究方法等。
517    @a决策与运作@AJue Ce Yu Yun Zuo
606 0  @a体育@x市场营销学
690    @aG80-05@v4
701  0 @a耿力中@4著
801  0 @aCN@bNLC@c20040720
905    @b342264-268@dG80-05@e141@f5
    
    体育市场营销:决策与运作/耿力中著.-北京:人民体育出版社,2004
    190页;19cm
    
    
    ISBN 7-5009-2537-9:CNY13.00
    本书从体育经济学的角度,论述了体育市场的概念与起源,体育的机会与风险,体育市场的基本内容,及体育市场的决策与研究方法等。
●
相关链接 在E读中查询图书 在五车中查询图书 在当当中查询图书 在豆瓣中查询图书


正题名:体育市场营销     索取号:G80-05/141         预约/预借

序号 登录号 条形码 馆藏地/架位号 状态 备注
1 0342264   203422643   第一样本阅览室/ [索取号:G80-05/141] 在馆    
2 0342265   203422652   第四借阅区/ [索取号:G80-05/141] 在馆    
3 0342266   203422661   第四借阅区/ [索取号:G80-05/141] 在馆    
4 0342267   203422670   第四借阅区/ [索取号:G80-05/141] 在馆    
5 0342268   203422689   第四借阅区/ [索取号:G80-05/141] 在馆    
唐山师范学院图书馆 欢迎您!
大连网信软件有限公司© 版权所有